01543cam a22003255a 450000100090000000300090000900500170001800800410003502000240007604000330010008200220013310000340015524500870018926400440027630000440032033600260036433700280039033800270041850000240044550400520046950503320052165000620085365000530091565100100096865300270097865500240100594200120102999900170104195201590105818308955EG-ScBUE20220510104945.0140919s2015 nyua f bd 001 0 eng d a9781138824676 (pbk) aDLCbengerdacDLCdEG-ScBUE04a428.0071222bNUN1 aNunan, David,eauthor.93942410aTeaching English to speakers of other languages :ban introduction /cDavid Nunan. 1aNew York ;aLondon :bRoutledge,c2015. avi, 203 pages :billustrations ;c23 cm 2rdacontentatextbtxt 2rdamediaaunmediatedbn 2rdacarrieravolumebnc aIncludes glossary.  aIncludes bibliographical references and index. 0 aChapter 1: Language teaching methodology -- Chapter 2: Learner-centered language teaching -- Chapter 3: Listening -- Chapter 4: Speaking -- Chapter 5: Reading -- Chapter 6: Writing -- Chapter 7: Pronunciation -- Chapter 8: Vocabulary -- Chapter 9: Grammar -- Chapter 10: Discourse -- Chapter 11: Learning styles and strategies. 7aTest of English as a Foreign LanguagexEvaluation.2BUEsh 799141aEnglish language xAbility testing.2BUEsh 2BUEsh cFebruary2016bHHUUEENN vReading book934232 2ddccBB c21223d21195 00102ddc40708Anglo-EgypaMAINbMAINc2NDd2016-02-23ePurchaseg420.00h13707l0o428.0071 NUNp000031684r2025-07-15 00:00:00v525.00w2016-02-23yBB